00461nam a2200193 a 4500001001300000003000900013005001700022008004100039020001000080082001400090100001700104245002800121260003100149300000900180500003500189505001000224650001600234700001700250nice12345678IN_TiNIC20260116011557.0050524s1927 egya grp 000 0 per  ac10000a239bABD7 aAbdul, Masih aMukalimat-E-Muhabbatana aEgyptbNo Publishersc1927 a117p aincludes index and biblioraphy2 aindex aApologetics1 aAbdul, Masih